| 000 | 00489nam a22001697a 4500 | ||
|---|---|---|---|
| 082 | _aP-813 | ||
| 100 |
_aLali, Faizan Ahmad _951638 |
||
| 245 |
_aIdentification and analysis of accident black spots on M-1 _bSyn-14 |
||
| 260 |
_aRisalpur, _bMCE, _c2019. |
||
| 300 |
_a43p. _bill. _c30cm. |
||
| 526 |
_a0 _b0 _c0 _dP_813 |
||
| 700 |
_aDr Anwaar Ahmad _928483 |
||
| 700 |
_aIqbal, Hanan _951639 |
||
| 700 |
_aIqbal, Muhammad Tahir _951640 |
||
| 700 |
_aSadiq, Asif _951641 |
||
| 942 |
_2ddc _cBK |
||
| 999 |
_c554251 _d554251 |
||